• 首页
  • 本馆介绍
  • 公告通知
  • 最新文献
  • 馆藏检索
  • 电子资源
  • 读者导购
  • 参考咨询
  • 我的图书馆
  • 登录
  • 详细信息显示
  • 放入我的书架
  • 预约/预借图书
  • 作者相关作品
  • 分类相关作品
  • 丛书相关作品
  • 出版社相关作品

书目信息

  • 表格格式
  • 工作单格式
  • 卡片格式
题名:
山地森林生态采运理论与实践
    
 
作者: 周新年 著
分册:  
出版信息: 北京   中国林业出版社  2018
页数: 436页
开本: 26cm
丛书名:
单 册:
中图分类: S782 , S718.5
科图分类:
主题词: 植物生态学--zhi wu sheng tai xue--应用--木材采运
电子资源:
ISBN: 978-7-5038-9810-5
000 00921nam0 2200265 45
001 012001001186
005 20140107154542.0
010    @a978-7-5038-9810-5@dCNY98.00
099    @aCAL 012019048506
100    @a20190402d2018 em y0chiy50 ea
101 0  @achi
102    @aCN@b110000
105    @aak a 000yy
106    @ar
200 1  @a山地森林生态采运理论与实践@Ashan di sen lin sheng tai cai yun li lun yu shi jian@f周新年著
210    @a北京@c中国林业出版社@d2018
215    @a436页@c图@d26cm
320    @a有书目
330    @a本书汇集了作者40多年的研究成果, 重点阐述了我国山地森林生态采运作业的主要理论、技术和方法。总结了山地森林生态采运研究进展、存在问题及其对策, 并指出了研究前景。
606 0  @a植物生态学@Azhi wu sheng tai xue@x应用@x木材采运
690    @aS782@v5
690    @aS718.5@v5
701  0 @a周新年@Azhou xin nian@4著
801  0 @aCN@b北京卓展@c20191020
905    @b1201574-7@dS782@e123@f4
    
    山地森林生态采运理论与实践/周新年著.-北京:中国林业出版社,2018
    436页:图;26cm
    
    
    ISBN 978-7-5038-9810-5:CNY98.00
    本书汇集了作者40多年的研究成果, 重点阐述了我国山地森林生态采运作业的主要理论、技术和方法。总结了山地森林生态采运研究进展、存在问题及其对策, 并指出了研究前景。
●
相关链接 在E读中查询图书 在五车中查询图书 在当当中查询图书 在豆瓣中查询图书


正题名:山地森林生态采运理论与实践     索取号:S782/123         预约/预借

序号 登录号 条形码 馆藏地/架位号 状态 备注
1 1201574   212015745   第二样本阅览室/ [索取号:S782/123] 在馆    
2 1201575   212015754   第三借阅区/ [索取号:S782/123] 在馆    
3 1201576   212015763   第三借阅区/ [索取号:S782/123] 在馆    
4 1201577   212015772   第三借阅区/ [索取号:S782/123] 在馆    
唐山师范学院图书馆 欢迎您!
大连网信软件有限公司© 版权所有